Eduard Simson - Präsident der deutschen Nationalversammlung zu Frankfurt am Main 1848/49
Saved in:
| Main Author: | |
|---|---|
| Format: | Chapter/Article Conference Paper |
| Language: | German |
| Published: |
2001
|
| In: |
Eduard von Simson (1810 - 1899)
Year: 2001, Pages: [43]-70 |
| Subjects: | |
| Online Access: |
|
| Author Notes: | Adolf Laufs |
MARC
| LEADER | 00000caa a2200000 c 4500 | ||
|---|---|---|---|
| 001 | 1170197213 | ||
| 003 | DE-627 | ||
| 005 | 20220810064217.0 | ||
| 007 | tu | ||
| 008 | 020808s2001 xx ||||| 00| ||ger c | ||
| 035 | |a (DE-627)1170197213 | ||
| 035 | |a (DE-576)100197213 | ||
| 035 | |a (DE-599)BSZ100197213 | ||
| 035 | |a (OCoLC)1340378455 | ||
| 040 | |a DE-627 |b ger |c DE-627 |e rakwb | ||
| 041 | |a ger | ||
| 084 | |a 19 |2 sdnb | ||
| 100 | 1 | |a Laufs, Adolf |d 1935-2014 |0 (DE-588)10594131X |0 (DE-627)481945652 |0 (DE-576)161921191 |4 aut | |
| 245 | 1 | 0 | |a Eduard Simson - Präsident der deutschen Nationalversammlung zu Frankfurt am Main 1848/49 |c Adolf Laufs |
| 264 | 1 | |c 2001 | |
| 300 | |a 28 | ||
| 336 | |a Text |b txt |2 rdacontent | ||
| 337 | |a ohne Hilfsmittel zu benutzen |b n |2 rdamedia | ||
| 338 | |a Band |b nc |2 rdacarrier | ||
| 655 | 7 | |a Konferenzschrift |0 (DE-588)1071861417 |0 (DE-627)826484824 |0 (DE-576)433375485 |2 gnd-content | |
| 773 | 0 | 8 | |i In |t Eduard von Simson (1810 - 1899) |b 1. Aufl. |d Baden-Baden : Nomos-Verl.-Ges., 2001 |g (2001), Seite [43]-70 |h IX, 181 S |w (DE-627)33126403X |w (DE-576)093686366 |z 3789074195 |7 nnam |a Eduard Simson - Präsident der deutschen Nationalversammlung zu Frankfurt am Main 1848/49 |
| 773 | 1 | 8 | |g year:2001 |g pages:[43]-70 |g extent:28 |a Eduard Simson - Präsident der deutschen Nationalversammlung zu Frankfurt am Main 1848/49 |
| 951 | |a AR | ||
| 992 | |a 20160420 | ||
| 993 | |a ConferencePaper | ||
| 994 | |a 2001 | ||
| 998 | |g 10594131X |a Laufs, Adolf |m 10594131X:Laufs, Adolf |d 20000 |d 20600 |e 20000PL10594131X |e 20600PL10594131X |k 0/20000/ |k 1/20000/20600/ |p 1 |x j |y j | ||
| 999 | |a KXP-PPN1170197213 |e 2922000141 | ||
| BIB | |a Y | ||
| JSO | |a {"id":{"eki":["1170197213"]},"recId":"1170197213","origin":[{"dateIssuedKey":"2001","dateIssuedDisp":"2001"}],"title":[{"title":"Eduard Simson - Präsident der deutschen Nationalversammlung zu Frankfurt am Main 1848/49","title_sort":"Eduard Simson - Präsident der deutschen Nationalversammlung zu Frankfurt am Main 1848/49"}],"relHost":[{"part":{"text":"(2001), Seite [43]-70","extent":"28","pages":"[43]-70","year":"2001"},"origin":[{"dateIssuedKey":"2001","edition":"1. Aufl.","publisher":"Nomos-Verl.-Ges.","editionNo":"1","publisherPlace":"Baden-Baden","dateIssuedDisp":"2001"}],"recId":"33126403X","disp":"Eduard Simson - Präsident der deutschen Nationalversammlung zu Frankfurt am Main 1848/49Eduard von Simson (1810 - 1899)","title":[{"title_sort":"Eduard von Simson (1810 - 1899)","title":"Eduard von Simson (1810 - 1899)","subtitle":"\"Chorführer der Deutschen\" und erster Präsident des Reichsgerichts"}],"relMultPart":[{"part":{"number_sort":["1000"],"number":["10"]},"pubHistory":["1.1998 -"],"recId":"301515190","origin":[{"publisher":"De Gruyter ; De Gruyter ; BWV, Berliner Wiss.-Verl. ; Nomos Verl.-Ges.","dateIssuedKey":"1998","dateIssuedDisp":"1998-","publisherPlace":"Berlin ; Boston, Mass. ; Berlin ; New York, NY ; Berlin ; Baden-Baden"}],"disp":"Juristische Zeitgeschichte","title":[{"title_sort":"Juristische Zeitgeschichte","title":"Juristische Zeitgeschichte","partname":"Forum juristische Zeitgeschichte"}],"titleAlt":[{"title":"Juristische Zeitgeschichte / 2"},{"title":"Forum juristische Zeitgeschichte"},{"title":"Beiträge und Berichte aus dem Arbeitskreis Juristische Zeitgeschichte"}],"id":{"eki":["301515190"],"zdb":["1484907-0"]},"dispAlt":"Juristische Zeitgeschichte / 2","language":["ger"],"type":{"bibl":"serial"}}],"id":{"isbn":["3789074195"],"eki":["33126403X"]},"physDesc":[{"extent":"IX, 181 S","noteFormat":"24 cm"}],"person":[{"family":"Kern","given":"Bernd-Rüdiger","role":"edt","display":"Kern, Bernd-Rüdiger"},{"family":"Schroeder","role":"edt","display":"Schroeder, Klaus-Peter","given":"Klaus-Peter"}],"language":["ger"],"type":{"bibl":"edited-book"},"name":{"displayForm":["Bernd-Rüdiger Kern ... (Hrsg.)"]}}],"physDesc":[{"extent":"28 S."}],"name":{"displayForm":["Adolf Laufs"]},"person":[{"family":"Laufs","given":"Adolf","display":"Laufs, Adolf","role":"aut"}],"type":{"bibl":"chapter"},"language":["ger"]} | ||
| SRT | |a LAUFSADOLFEDUARDSIMS2001 | ||